Man and God in the city. (Record no. 9073)

000 -LEADER
fixed length control field 00562nam a2200193 a 4500
001 - CONTROL NUMBER
control field :::00006854$&:&@@
003 - CONTROL NUMBER IDENTIFIER
control field OkBaRHE
005 - DATE AND TIME OF LATEST TRANSACTION
control field 20000607103333.0
008 - FIXED-LENGTH DATA ELEMENTS--GENERAL INFORMATION
fixed length control field s1954 j 000 0 eng u
040 ## - CATALOGING SOURCE
Transcribing agency
100 1# - MAIN ENTRY--PERSONAL NAME
Personal name Miller, Kenneth D.
245 10 - TITLE STATEMENT
Title Man and God in the city.
260 ## - PUBLICATION, DISTRIBUTION, ETC. (IMPRINT)
Place of publication, distribution, etc New York, NY., :
Name of publisher, distributor, etc Friendship Press
Date of publication, distribution, etc c1954
300 ## - PHYSICAL DESCRIPTION
Extent 179 p. ;
Dimensions 19 cm.
650 ## - SUBJECT ADDED ENTRY--TOPICAL TERM
Topical term or geographic name as entry element Cities and Missions
650 ## - SUBJECT ADDED ENTRY--TOPICAL TERM
Topical term or geographic name as entry element Missions
General subdivision City
942 ## - ADDED ENTRY ELEMENTS (KOHA)
Source of classification or shelving scheme
Koha item type Books
Copies
Permanent Location Shelving location Source of classification or shelving scheme Price effective from Damaged status Koha item type Barcode Not for loan Lost status Date last seen Copy number Withdrawn status Full call number Date acquired
RHEMA Bible Training CollegeGeneral Stacks 2010-04-14 Books6854  2010-04-141 BV 610 .M52010-04-14